000
00285nam a2200121Ia 4500
008
241002s9999 xx 000 0 und d
082
_a
808.3 HUX
100
_a
Huxley, Aldous
245
0
_a
After Many A Summer A Novel
260
_a
London:
_c
1967
600
_a
Literature
942
_c
UC
999
_c
18800
_d
18800